000 00966cad a22002175a 4500
001 E153482
008 110802s2005 xxk f 000 0 eng d
035 _a(Sirsi) u153482
041 0 _aeng
100 1 _aGallimore, Paul
245 0 0 _aJudgement and quantitative forecasts in commercial property investment
_h[electronic resource]
260 _aLondon
_bRICS
_c2005
490 0 _aRICS Findings in Built and Rural Environments
520 _aSuggests that although forecasters seem to adjust their outputs to avoid presenting conspicuous or contentious forecasts, there is a continuing demand for such information. Argues that human judgement plays an important role in supporting quantitative econometric modelling.
521 _aAdvanced
651 4 _aInternational
690 _aPROPERTY
700 1 _aMcAllister, Patrick
856 4 0 _uhttps://www.rics.org/site/download_feed.aspx?fileID=3472&fileExtension=PDF
_zBroken link - not available
942 _n0
999 _c112545
_d112545